The Ultimate Indiana Jones Quiz 🎬 - Statistics

General Stats
  • This quiz has been taken 79 times
  • The average score is 11 of 30
Answer Stats
Hint Answer % Correct
What is the name of Indiana's love interest in "Raiders of the Lost Ark"? Marion
100%
Who asked, "So, what are you doing here in Nepal?" Marion
100%
In what year did the movie take place? 1936
88%
Who yelled, "I hate snakes, Jock!"? Indiana
75%
Who stated, "Throw me the idol."? Satipo
70%
Where did Indy first meet Ms. Ravenwood in the film? Nepal
55%
When Indy is looking into the tomb, what kind of snakes does Sallah say are inside? Asps
54%
Who quipped, "Not a private place for a murder."? Rene Belloq
48%
What artifact is Indiana looking for in South America? The idol
48%
What is the main object that everyone is looking for in "Raiders of the Lost Ark"? Ark of the Covenant
45%
What is the name of Indiana's friend from the university, who helps convince him to search for the Ark? Marcus
45%
Where is Indiana Jones at the start of the movie? South America
43%
Who admitted, "The Germans have a great advantage over us."? Sallah
41%
Who claimed, "Life goes on, Indy."? Sallah
41%
What is the name of the guy who flies the plane in Indiana's escape from the South American natives? Jock
39%
In what year was Indy born? 1899
32%
When Indiana is in Marion's bar, what drink does he ask for? Whiskey
29%
When Indiana is about to swallow a poisoned date (fruit), his friend, Sallah, catches it in mid-air. What does he say? Bad dates
23%
What was one place Indiana said did not hurt? Elbow
23%
Who plays Belloq (the villain)? Paul Freeman
23%
Finish the quote: "I'm gonna blow up the Ark, ______." - Indy Rene
23%
When Indiana takes the idol in the beginning of the movie, what does he attempt to replace it with? Sandbag
23%
While in the cave in South America, what animal does Indiana get on his back? Spiders
23%
Indy, thinking Marion was dead, was drinking his sorrows away at an Egyptian tavern where he met Belloq (Paul Freeman). Belloq said to Indy, "How odd that it should end this way for us after so many stimulating encounters. I almost regret it. Where shall I find a new adversary so close to my own level?" What was Indy's reply? "Try the local sewer."
13%
Who said, "I hope, for your sake, he has not yet acquired it."? Arnold toht
11%
In Egypt, where are the Germans looking for The Ark? Tanis
11%
Indy did indeed retrieve the Ark, and Indy and Marion chartered a boat. What was the name of the boat? Bantu Wind
4%
At the beginning of the movie, inside the cave, after Indiana had used his whip to remove the tarantulas that were on him... what silent signal did he give his partner Satipo first? Come here
4%
Soon after the tarantula scene, still inside the cave, Indy sees a vague beam of light and stops. What does he then say to his partner, Satipo? Stop! Stay out of the light
2%
What is the name of Marion's bar? The raven bar
2%
No matching quizzes found
Score Distribution
Percent of People with Each Score
Percentile by Number Answered
Your Score History
You have not taken this quiz